00393nam a2200157Ia 45000010006000000050017000060080041000230410008000640820015000721000027000872450062001142600009001763000034001856500008002196540008002271496620260306164953.0260306t1996||||xx |||||||||||||| ||spa|| aESP a519.5bW35 aWebster, Allen L.eAUT 0aEstadística aplicada para administración y economía c1996 axx., 1117 páginas :c23 cm. aGEN aCMA